| 000 | 02141nam a2200193 4500 | ||
|---|---|---|---|
| 999 |
_c8133 _d8133 |
||
| 020 | _a9781451193886 | ||
| 050 |
_aRT41 _b.T21 |
||
| 100 | _aTaylor Carol(Ed.) | ||
| 245 |
_aFundamentals Of Nursing: The Art and Science of Person-Centered Nursing Care _cCarol Taylor, Carol Lillis, Pamela Lynn and Priscilla LeMone |
||
| 250 | _a8th Ed. | ||
| 260 |
_aPhiladelphia : _bWolters Kluwer Health, _c2015 |
||
| 300 |
_axxxii, 1784 pages : _b illustrations (chiefly color) ; _c28 cm |
||
| 500 | _aIncludes Index | ||
| 505 | _a Introduction to nursing -- Theory, research, and evidence-based practice -- Health, illness, and disparities -- Health of the individual, family, and community -- Cultural diversity -- Values, ethics, and advocacy -- Legal dimensions of nursing practice -- The health care delivery system -- Care coordination and continuity in health care settings and the community -- Blended competencies, clinical reasoning, and processes of person-centered care -- Assessing -- Diagnosing -- Outcome identification and planning -- Implementing -- Evaluating -- Documenting, reporting, conferring and using informatics -- Developmental concepts -- Conception through young adult -- The aging adult -- Communicator -- Teacher and counselor -- Nurse leader, manager, and care coordinator -- Asepsis and infection control -- Vital signs -- Health assessment -- Safety, security, and emergency preparedness -- Complementary and alternative therapies -- Medications -- Perioperative nursing -- Hygiene -- Skin integrity and wound care -- Activity -- Rest and sleep -- Comfort and pain management -- Nutrition -- Urinary elimination -- Bowel elimination -- Oxygenation and perfusion -- Fluid, electrolyte, and acid-base balance -- Self-concept -- Stress and adaptation -- Loss, grief, and dying -- Sensory functioning -- Sexuality -- Spirituality -- Appendix A : Guidelines for delegation decision making -- Appendix B : Equivalents -- Appendix C : Normal adult laboratory values. | ||
| 650 | _aNursing. | ||
| 650 | _aNursing Care. | ||
| 650 | _aNursing Process. | ||
| 942 | _cBK | ||